| 000 | 00000nas##2200000za#4500 |
| 001 | 9.508050 |
| 003 | CaOODSP |
| 005 | 20251204161321 |
| 007 | ta |
| 008 | 150406c1994||||xxc|| p #||||f| |0eng|d |
| 022 | |a1198-3558 |
| 040 | |aCaOODSP|beng |
| 041 | |aeng |
| 041 | |afre |
| 043 | |an-cn--- |
| 086 | 1 |aC12-16 |
| 110 | 1 |aCanada. |bIndustry Canada. |bMicro-Economic Policy Analysis Branch. |
| 245 | 10|aMicro : |bMicro-Economic Policy Analysis Branch bulletin |
| 260 | |aOttawa - Ontario : |bIndustry Canada. |
| 310 | |aSemi-annual |
| 362 | 1 |aVol. 1, No. 1, Winter, 1994-- |
| 500 | |aSemi-annual since 2003. |
| 520 | 3 |aThe Micro is a newsletter highlighting micro-economic research findings in Canada. Each Micro issue will focus on a specific area of research and list publications by the Micro-Economic Policy Analysis Branch of Industry Canada. |
| 563 | |aSoftcover |
| 690 | 07|aEconomic indicators|2gcpds |
| 690 | 07|aEconomy|2gcpds |
| 776 | 0#|tMicro : |w(CaOODSP)9.504899 |
| 792 | |tMicro : |efre|w(CaOODSP)9.508051 |